[Event "Copenhagen Bronshoj Weekend-A"]
[Site "Copenhagen"]
[Date "2012.10.13"]
[Round "2"]
[White "Kirknel, Thomas"]
[Black "Andersen, Ole Bo"]
[Result "1-0"]
[WhiteElo "2199"]
[BlackElo "2083"]
[PlyCount "53"]
[EventDate "2012.10.12"]
[EventType "tourn"]
[EventRounds "5"]
[EventCountry "DEN"]
[SourceTitle "EXT 2016"]
[Source "ChessBase"]
[SourceDate "2015.10.08"]
[SourceVersion "1"]
[SourceVersionDate "2015.10.08"]
[SourceQuality "1"]

1. e4 Nf6 2. e5 Nd5 3. d4 d6 4. Nf3 Bg4 5. Be2 c6 6. h3 Bxf3 7. Bxf3 dxe5 8. dxe5 e6 9. 0-0 Nd7 10. Qe2 Qc7 11. Re1 Rd8 12. c4 Ne7 13. Bd2 Ng6 14. Bc3 a5 15. a3 Nc5 16. b4 axb4 17. axb4 Nd3 18. Rd1 Nxb4 19. Rxd8+ Qxd8 20. Qb2 c5 21. Bxb7 Qb6 22. Ra8+ Kd7 23. Bc8+ Kc6 24. Qd2 Qc7 25. Bxb4 cxb4 26. Ra6+ Kc5 27. Qe3+ 1-0

[Event "Amager Aabne CC-ch"]
[Site "Amager"]
[Date "2012.03.13"]
[Round "4"]
[White "Vandborg, Soren"]
[Black "Andersen, Ole Bo"]
[Result "0-1"]
[WhiteElo "1400"]
[BlackElo "2053"]
[PlyCount "84"]
[EventDate "2012.01.10"]
[EventType "swiss"]
[EventRounds "7"]
[EventCountry "DEN"]
[SourceTitle "EXT 2023"]
[Source "ChessBase"]
[SourceDate "2022.10.05"]
[SourceVersion "1"]
[SourceVersionDate "2022.10.05"]
[SourceQuality "1"]

1. e4 Nf6 2. Nf3 Nxe4 3. Bd3 Nf6 4. 0-0 g6 5. a3 Bg7 6. Nc3 b6 7. Re1 0-0 8. Be2 Bb7 9. d3 d6 10. Be3 Nbd7 11. Nh4 Nd5 12. Nxd5 Bxd5 13. d4 Bb7 14. Bf3 Qc8 15. Bxb7 Qxb7 16. Rb1 e5 17. Nf3 Rae8 18. dxe5 Nxe5 19. Nxe5 Rxe5 20. Rf1 Rfe8 21. Qf3 Qxf3 22. gxf3 Rd5 23. c3 h5 24. h4 Kh7 25. Kg2 Bh6 26. Bd4 c5 27. Bf6 Rf5 28. Bg5 Bxg5 29. hxg5 Rxg5+ 30. Kh3 Rf5 31. Rbd1 d5 32. Kg2 Re2 33. Rfe1 Rxb2 34. Re7 a5 35. Rde1 Rb3 36. Rb7 Rxc3 37. Rb1 Rcxf3 38. Rf1 h4 39. Rxb6 h3+ 40. Kh2 Rxf2+ 41. Rxf2 Rxf2+ 42. Kxh3 Rf3+ 0-1

[Event "Copenhagen-ch Obro 75th"]
[Site "Copenhagen"]
[Date "2011.10.22"]
[Round "9"]
[White "Akdag, Dara Sevkan"]
[Black "Andersen, Ole Bo"]
[Result "1/2-1/2"]
[WhiteElo "2218"]
[BlackElo "2138"]
[PlyCount "82"]
[EventDate "2011.10.14"]
[EventType "swiss"]
[EventRounds "9"]
[EventCountry "DEN"]
[SourceTitle "EXT 2018"]
[Source "ChessBase"]
[SourceDate "2017.10.13"]
[SourceVersion "1"]
[SourceVersionDate "2017.10.13"]
[SourceQuality "1"]

1. Nf3 Nf6 2. d4 g6 3. c4 Bg7 4. Nc3 c5 5. d5 0-0 6. e4 d6 7. Bd3 e6 8. 0-0 exd5 9. exd5 Bg4 10. h3 Bxf3 11. Qxf3 Nfd7 12. Qd1 Na6 13. Re1 Nc7 14. Bf4 Ne5 15. Bf1 Qd7 16. Bg5 f6 17. Bh4 Rae8 18. f4 Nf7 19. Ne4 Nh6 20. Qb3 b6 21. Qc3 g5 22. Bf2 Rxe4 23. Rxe4 f5 24. Qc2 fxe4 25. fxg5 Rxf2 26. Kxf2 Bd4+ 27. Ke1 Nf5 28. Qxe4 Bxb2 29. Rb1 Bc3+ 30. Kf2 Bd4+ 31. Ke1 Ng3 32. Qf4 Qe8+ 33. Kd2 Be5 34. Qg4 Qa4 35. Qc8+ Ne8 36. Qe6+ Kh8 37. Bd3 Bf4+ 38. Ke1 Qa5+ 39. Kf2 Qd2+ 40. Kg1 Qxd3 41. Qxe8+ Kg7 1/2-1/2

[Event "DEN 75th Ann"]
[Site "Copenhagen"]
[Date "2010.02.18"]
[Round "6"]
[White "Andersen, Ole Bo"]
[Black "Andersen, Mads"]
[Result "0-1"]
[WhiteElo "2125"]
[BlackElo "2300"]
[PlyCount "128"]
[EventDate "2010.02.15"]
[EventType "swiss"]
[EventRounds "9"]
[EventCountry "DEN"]
[SourceTitle "CBM 134 Extra"]
[Source "ChessBase"]
[SourceDate "2010.03.03"]
[SourceVersion "1"]
[SourceVersionDate "2010.03.03"]
[SourceQuality "1"]

1. d4 Nf6 2. c4 g6 3. Nc3 d5 4. cxd5 Nxd5 5. e4 Nxc3 6. bxc3 Bg7 7. Nf3 c5 8. Rb1 0-0 9. Be2 b6 10. 0-0 Bb7 11. Qd3 Ba6 12. Qe3 Qd7 13. Bxa6 Nxa6 14. Qe2 Nc7 15. Rd1 Qa4 16. Be3 Rad8 17. Rbc1 Rfe8 18. Qc2 Qxc2 19. Rxc2 Nb5 20. a4 Na3 21. Ra2 Nc4 22. Nd2 Nxe3 23. fxe3 Rc8 24. Rb1 cxd4 25. cxd4 Rc3 26. Nf1 Rb8 27. Kf2 Kf8 28. Rb5 a6 29. Rb4 Rc6 30. Nd2 Ke8 31. Rab2 Kd7 32. Nc4 Kc7 33. R2b3 e6 34. d5 exd5 35. exd5 Rf6+ 36. Ke2 Bf8 37. d6+ Bxd6 38. Rxb6 Rxb6 39. Nxb6 Kc6 40. Nc4 Bc7 41. h3 Kd5 42. Nd2 Rc6 43. Rb4 Be5 44. Rb7 Bc7 45. Kd3 f5 46. e4+ fxe4+ 47. Nxe4 h5 48. g4 hxg4 49. hxg4 Ke5 50. Rb1 Rb6 51. Re1 Kf4 52. g5 Rb3+ 53. Kd4 Bb6+ 54. Kd5 Rd3+ 55. Kc6 Ba5 56. Nc5 Rc3 57. Rf1+ Kxg5 58. Kd5 Ra3 59. Rg1+ Kh5 60. Rh1+ Kg5 61. Rg1+ Kf6 62. Ne4+ Kg7 63. Nc5 Bb6 64. Nd7 Bxg1 0-1

[Event "Politiken Cup 19th"]
[Site "Copenhagen"]
[Date "1997.07.13"]
[Round "8"]
[White "Andersen, Ole Bo"]
[Black "Hector, Jonny"]
[Result "0-1"]
[WhiteElo "2100"]
[BlackElo "2470"]
[PlyCount "64"]
[EventDate "1997.07.??"]
[EventType "swiss"]
[EventRounds "11"]
[EventCountry "DEN"]
[SourceTitle "EXT 2000"]
[Source "ChessBase"]
[SourceDate "1999.11.16"]
[SourceVersion "1"]
[SourceVersionDate "1999.11.16"]
[SourceQuality "1"]

1. d4 d5 2. c4 e6 3. Nf3 Nf6 4. Nc3 c6 5. Bg5 Nbd7 6. e3 Qa5 7. Nd2 Bb4 8. Rc1 Ne4 9. Ndxe4 dxe4 10. Bh4 Qxa2 11. Qc2 f5 12. Be2 Qa5 13. 0-0 0-0 14. f3 exf3 15. Rxf3 Nf6 16. Bxf6 Rxf6 17. e4 e5 18. d5 f4 19. Nd1 cxd5 20. cxd5 Bg4 21. Rb3 Rc8 22. Qxc8+ Bxc8 23. Rxc8+ Rf8 24. Rc4 Qb6+ 25. Kh1 a5 26. Bg4 g6 27. h3 h5 28. Be6+ Kg7 29. Rc2 Qb5 30. Nf2 Qf1+ 31. Kh2 Kh6 32. Rd3 f3 0-1

[Event "Politiken Cup 19th"]
[Site "Copenhagen"]
[Date "1997.07.12"]
[Round "7"]
[White "Coleman, David"]
[Black "Andersen, Ole Bo"]
[Result "0-1"]
[WhiteElo "2230"]
[BlackElo "2100"]
[PlyCount "62"]
[EventDate "1997.07.??"]
[EventType "swiss"]
[EventRounds "11"]
[EventCountry "DEN"]
[SourceTitle "EXT 2000"]
[Source "ChessBase"]
[SourceDate "1999.11.16"]
[SourceVersion "1"]
[SourceVersionDate "1999.11.16"]
[SourceQuality "1"]

1. e4 c5 2. Nf3 Nc6 3. d4 cxd4 4. Nxd4 Nf6 5. Nc3 e5 6. Ndb5 d6 7. Bg5 a6 8. Na3 b5 9. Bxf6 gxf6 10. Nd5 Bg7 11. c3 f5 12. exf5 Bxf5 13. Nc2 0-0 14. Nce3 Be6 15. g4 Ne7 16. Bg2 Rc8 17. Rg1 Nxd5 18. Bxd5 e4 19. g5 b4 20. c4 Bxd5 21. Qxd5 Bxb2 22. Rd1 Rc5 23. Qxe4 Re8 24. Rxd6 Qc8 25. Qc2 Bc3+ 26. Ke2 Rxc4 27. Rh6 Ree4 28. Rc1 Rcd4 29. Kf1 Qc5 30. Rh3 Qe5 31. Qe2 Rh4 0-1

[Event "Politiken Cup 19th"]
[Site "Copenhagen"]
[Date "1997.07.08"]
[Round "4"]
[White "Andersen, Ole Bo"]
[Black "Bekker Jensen, David"]
[Result "0-1"]
[WhiteElo "2100"]
[BlackElo "2180"]
[PlyCount "48"]
[EventDate "1997.07.??"]
[EventType "swiss"]
[EventRounds "11"]
[EventCountry "DEN"]
[SourceTitle "EXT 2000"]
[Source "ChessBase"]
[SourceDate "1999.11.16"]
[SourceVersion "1"]
[SourceVersionDate "1999.11.16"]
[SourceQuality "1"]

1. d4 Nf6 2. c4 g6 3. Nc3 Bg7 4. e4 d6 5. f4 0-0 6. Nf3 Na6 7. Bd3 e5 8. fxe5 dxe5 9. d5 c6 10. 0-0 b6 11. Bg5 Qd6 12. Rc1 Nc5 13. Bc2 Ba6 14. dxc6 Qxc6 15. Nd5 Nxd5 16. exd5 Qd6 17. Bb1 e4 18. Nd4 Nd3 19. Nc6 Qc5+ 20. Kh1 Nxc1 21. Bxc1 Bxc4 22. Re1 f5 23. b3 Bb5 24. Be3 Qd6 0-1

[Event "Kronborg-ch"]
[Site "Helsingor"]
[Date "1997.??.??"]
[Round "7"]
[White "Andersen, Ole Bo"]
[Black "Bekker Jensen, David"]
[Result "0-1"]
[WhiteElo "2090"]
[BlackElo "2140"]
[PlyCount "90"]
[EventDate "1997.??.??"]
[EventType "tourn"]
[EventRounds "7"]
[EventCountry "DEN"]
[SourceTitle "EXT 2002"]
[Source "ChessBase"]
[SourceDate "2001.11.25"]
[SourceVersion "1"]
[SourceVersionDate "2001.11.25"]
[SourceQuality "1"]

1. d4 Nf6 2. c4 g6 3. Nc3 Bg7 4. e4 d6 5. f3 0-0 6. Be3 c5 7. dxc5 dxc5 8. Qxd8 Rxd8 9. Bxc5 Nc6 10. Nge2 Nd7 11. Ba3 Nde5 12. Nf4 Nd4 13. 0-0-0 Bh6 14. Bxe7 Bxf4+ 15. Kb1 Rd7 16. Nd5 Nec6 17. Nf6+ Kg7 18. Nxd7 Bxd7 19. Bc5 Be3 20. b4 b6 21. Bd6 Be6 22. b5 Rd8 23. Ba3 Nxb5 24. Rxd8 Nxa3+ 25. Kb2 Nxc4+ 26. Bxc4 Nxd8 27. Bxe6 Nxe6 28. Kc3 Bd4+ 29. Kc4 Kf6 30. Kb5 a5 31. Rc1 Bc5 32. Kc6 Ke5 33. a4 g5 34. Rb1 Nd4+ 35. Kc7 h5 36. h4 Kf4 37. hxg5 Kxg5 38. Kd7 h4 39. e5 Nc2 40. Ke8 Kf5 41. Rh1 Bf2 42. Kxf7 Kxe5 43. Rb1 Kf4 44. Rb2 Kg3 45. Rxc2 Kxg2 0-1

[Event "Kronborg-ch"]
[Site "Helsingor"]
[Date "1997.??.??"]
[Round "5"]
[White "Andersen, Ole Bo"]
[Black "Christensen, Tobias"]
[Result "0-1"]
[WhiteElo "2090"]
[BlackElo "2395"]
[PlyCount "88"]
[EventDate "1997.??.??"]
[EventType "tourn"]
[EventRounds "7"]
[EventCountry "DEN"]
[SourceTitle "EXT 2002"]
[Source "ChessBase"]
[SourceDate "2001.11.25"]
[SourceVersion "1"]
[SourceVersionDate "2001.11.25"]
[SourceQuality "1"]

1. d4 d6 2. c4 e5 3. Nf3 Nc6 4. d5 Nce7 5. e4 g6 6. Nc3 Bg7 7. Bd3 Nf6 8. 0-0 0-0 9. b4 Nh5 10. Re1 a5 11. bxa5 Rxa5 12. Nd2 c5 13. dxc6 bxc6 14. Nb3 Ra8 15. a4 Nf4 16. Bf1 Ne6 17. Be3 Ba6 18. a5 c5 19. Nb5 Nd4 20. Bxd4 exd4 21. Bd3 Nc6 22. Qd2 Qd7 23. f4 Na7 24. Nxa7 Rxa7 25. e5 Rc7 26. Qc2 dxe5 27. fxe5 Re8 28. Re2 Rxe5 29. Rae1 Qd6 30. Qd2 Rce7 31. Rxe5 Rxe5 32. Rb1 Rh5 33. g3 Bh6 34. Qg2 Be3+ 35. Kh1 Re5 36. Nd2 Bxd2 37. Qxd2 Qc6+ 38. Qg2 Bb7 39. Qxc6 Bxc6+ 40. Kg1 Re3 41. Rb8+ Kg7 42. Rc8 Bd7 43. Rc7 Rxd3 44. Rxd7 Ra3 0-1

[Event "Kronborg-ch"]
[Site "Helsingor"]
[Date "1997.??.??"]
[Round "3"]
[White "Andersen, Ole Bo"]
[Black "Henrichsen, Jens"]
[Result "0-1"]
[WhiteElo "2090"]
[BlackElo "2070"]
[PlyCount "64"]
[EventDate "1997.??.??"]
[EventType "tourn"]
[EventRounds "7"]
[EventCountry "DEN"]
[SourceTitle "EXT 2002"]
[Source "ChessBase"]
[SourceDate "2001.11.25"]
[SourceVersion "1"]
[SourceVersionDate "2001.11.25"]
[SourceQuality "1"]

1. d4 Nf6 2. c4 g6 3. Nc3 Bg7 4. e4 d6 5. f3 0-0 6. Bg5 a6 7. Qd2 Nbd7 8. Nh3 c5 9. d5 b5 10. Nf2 Qa5 11. cxb5 Nb6 12. Be2 axb5 13. Nxb5 Qxd2+ 14. Bxd2 Nfd7 15. Bc3 Ne5 16. Nd3 Nec4 17. Bxg7 Kxg7 18. Kf2 Bd7 19. Nc3 f5 20. exf5 Bxf5 21. Rae1 Bxd3 22. Bxd3 Nxb2 23. Bb5 Ra3 24. Rxe7+ Rf7 25. Rxf7+ Kxf7 26. Ne4 Nxd5 27. Nxd6+ Ke7 28. Nc4 Nxc4 29. Bxc4 Nb6 30. Bg8 Kf8 31. Be6 c4 32. Ke1 Re3+ 0-1

[Event "Jarleslaget op"]
[Site "Trondheim"]
[Date "1997.??.??"]
[Round "9"]
[White "Andersen, Ole Bo"]
[Black "Johansson, Per"]
[Result "1-0"]
[WhiteElo "2210"]
[BlackElo "2155"]
[PlyCount "67"]
[EventDate "1997.??.??"]
[EventType "swiss"]
[EventRounds "9"]
[EventCountry "NOR"]
[SourceTitle "EXT 1998"]
[Source "ChessBase"]
[SourceDate "1997.11.17"]
[SourceVersion "1"]
[SourceVersionDate "1997.11.17"]
[SourceQuality "1"]

1. d4 d5 2. c4 c6 3. Nf3 Nf6 4. Nc3 dxc4 5. a4 Bf5 6. e3 e6 7. a5 Bd3 8. Bxd3 cxd3 9. Qb3 Na6 10. Qxb7 Nb4 11. Ne5 Be7 12. Nxc6 Nxc6 13. Qxc6+ Kf8 14. Qc4 Rc8 15. Qxd3 Bb4 16. a6 h5 17. 0-0 Qc7 18. Bd2 Ng4 19. f4 Qb6 20. h3 Nh6 21. Rfc1 Rd8 22. Na4 Qd6 23. Bxb4 Qxb4 24. Qa3 Qxa3 25. Rxa3 g6 26. Rc7 Nf5 27. Nc5 Nd6 28. Rb3 h4 29. Rxa7 g5 30. Rd7 Rxd7 31. Nxd7+ Ke7 32. Nb8 Nc8 33. Nc6+ Kd6 34. Rb8 1-0

[Event "Jarleslaget op"]
[Site "Trondheim"]
[Date "1997.??.??"]
[Round "8"]
[White "Andersen, Ole Bo"]
[Black "Madsen, Dag"]
[Result "1/2-1/2"]
[WhiteElo "2210"]
[BlackElo "2265"]
[PlyCount "42"]
[EventDate "1997.??.??"]
[EventType "swiss"]
[EventRounds "9"]
[EventCountry "NOR"]
[SourceTitle "EXT 1998"]
[Source "ChessBase"]
[SourceDate "1997.11.17"]
[SourceVersion "1"]
[SourceVersionDate "1997.11.17"]
[SourceQuality "1"]

1. Nf3 d5 2. c4 c6 3. d4 e6 4. Qc2 Nf6 5. g3 dxc4 6. Qxc4 b5 7. Qd3 Nbd7 8. Bg2 Bb7 9. 0-0 a6 10. Rd1 c5 11. dxc5 Bxc5 12. e3 0-0 13. b3 Be4 14. Qe2 Qb6 15. Nc3 Bc6 16. Bb2 Qb7 17. Rac1 Rfd8 18. Nb1 Rac8 19. Ne1 Bxg2 20. Nxg2 Be7 21. Nd2 Nc5 1/2-1/2

[Event "Kronborg-ch"]
[Site "Helsingor"]
[Date "1997.??.??"]
[Round "1"]
[White "Andersen, Ole Bo"]
[Black "Nilsson, Nils Specht"]
[Result "1-0"]
[WhiteElo "2090"]
[BlackElo "2225"]
[PlyCount "61"]
[EventDate "1997.??.??"]
[EventType "tourn"]
[EventRounds "7"]
[EventCountry "DEN"]
[SourceTitle "EXT 2002"]
[Source "ChessBase"]
[SourceDate "2001.11.25"]
[SourceVersion "1"]
[SourceVersionDate "2001.11.25"]
[SourceQuality "1"]

1. d4 Nf6 2. c4 e6 3. Nc3 Bb4 4. e3 0-0 5. Nge2 Nc6 6. a3 Bxc3+ 7. Nxc3 d6 8. Bd3 e5 9. d5 Ne7 10. e4 c5 11. Bg5 Ne8 12. 0-0 f6 13. Be3 f5 14. f4 exf4 15. Bxf4 Ng6 16. exf5 Bxf5 17. Bg3 Qg5 18. Qe2 Bxd3 19. Rxf8+ Kxf8 20. Qxd3 Kg8 21. Ne4 Ne5 22. Qe2 Qe7 23. Nxc5 Qc7 24. b4 b6 25. Bxe5 bxc5 26. Bg3 cxb4 27. Rf1 h6 28. Qe6+ Kh7 29. Rf7 Qxf7 30. Qxf7 bxa3 31. Qf3 1-0

[Event "Kronborg-ch"]
[Site "Helsingor"]
[Date "1997.??.??"]
[Round "6"]
[White "Bekker Jensen, Simon"]
[Black "Andersen, Ole Bo"]
[Result "1-0"]
[WhiteElo "2230"]
[BlackElo "2090"]
[PlyCount "55"]
[EventDate "1997.??.??"]
[EventType "tourn"]
[EventRounds "7"]
[EventCountry "DEN"]
[SourceTitle "EXT 2002"]
[Source "ChessBase"]
[SourceDate "2001.11.25"]
[SourceVersion "1"]
[SourceVersionDate "2001.11.25"]
[SourceQuality "1"]

1. d4 Nf6 2. c4 c5 3. d5 b5 4. cxb5 a6 5. bxa6 g6 6. Nc3 Bxa6 7. e4 Bxf1 8. Kxf1 d6 9. Nf3 Bg7 10. g3 Nbd7 11. h3 0-0 12. Kg2 Qa5 13. Re1 Rfb8 14. Re2 Ne8 15. Bf4 Nc7 16. Rc1 Nb5 17. Nxb5 Qxb5 18. b3 Ra3 19. Rcc2 Rba8 20. e5 dxe5 21. Nxe5 Nxe5 22. Bxe5 Bxe5 23. Rxe5 Rxa2 24. Rxa2 Rxa2 25. Rxe7 Ra6 26. Qf3 f6 27. Qg4 Qb8 28. Qd7 1-0

[Event "DEN-chT 9596"]
[Site "Denmark"]
[Date "1996.??.??"]
[Round "4"]
[White "Aagaard, Jacob"]
[Black "Andersen, Ole Bo"]
[Result "1-0"]
[WhiteElo "2245"]
[BlackElo "2085"]
[PlyCount "53"]
[EventDate "1995.??.??"]
[EventType "team"]
[EventRounds "7"]
[EventCountry "DEN"]
[SourceTitle "EXT 2000"]
[Source "ChessBase"]
[SourceDate "1999.11.16"]
[SourceVersion "1"]
[SourceVersionDate "1999.11.16"]
[SourceQuality "1"]

1. e4 Nf6 2. e5 Nd5 3. Nf3 d6 4. d4 Bg4 5. Be2 c6 6. Ng5 Bf5 7. e6 fxe6 8. Bh5+ g6 9. g4 Bxc2 10. Qxc2 gxh5 11. Nxe6 Qd7 12. Qf5 Rg8 13. g5 Na6 14. Be3 Nac7 15. Nxc7+ Nxc7 16. Qxh7 Qe6 17. Qxh5+ Rg6 18. Nc3 0-0-0 19. 0-0-0 Bg7 20. h4 b5 21. a3 c5 22. Qe2 b4 23. axb4 cxb4 24. Nb5 Kb7 25. Nxc7 Rc8 26. Qb5+ Kxc7 27. Kd2 1-0

[Event "DEN-chT 9596"]
[Site "Denmark"]
[Date "1996.??.??"]
[Round "6"]
[White "Husted, Peter"]
[Black "Andersen, Ole Bo"]
[Result "1/2-1/2"]
[WhiteElo "2190"]
[BlackElo "2085"]
[PlyCount "44"]
[EventDate "1995.??.??"]
[EventType "team"]
[EventRounds "7"]
[EventCountry "DEN"]
[SourceTitle "EXT 2000"]
[Source "ChessBase"]
[SourceDate "1999.11.16"]
[SourceVersion "1"]
[SourceVersionDate "1999.11.16"]
[SourceQuality "1"]

1. e4 c5 2. Nf3 Nc6 3. d4 cxd4 4. Nxd4 Nf6 5. Nc3 e5 6. Ndb5 d6 7. Bg5 a6 8. Na3 b5 9. Nd5 Be7 10. Bxf6 Bxf6 11. c3 Ne7 12. Nc2 Nxd5 13. Qxd5 Be6 14. Qc6+ Ke7 15. Nb4 Qd7 16. Qb6 Rhc8 17. Rd1 Rc5 18. Be2 Qc7 19. Qxc7+ Rxc7 20. 0-0 Rc5 21. Nd3 Rc7 22. Nb4 Rc5 1/2-1/2

[Event "DEN-chT 9596"]
[Site "Denmark"]
[Date "1995.??.??"]
[Round "1"]
[White "Andersen, Ole Bo"]
[Black "Hansen, Evgenia"]
[Result "0-1"]
[WhiteElo "2085"]
[BlackElo "2180"]
[PlyCount "90"]
[EventDate "1995.??.??"]
[EventType "team"]
[EventRounds "7"]
[EventCountry "DEN"]
[SourceTitle "EXT 2000"]
[Source "ChessBase"]
[SourceDate "1999.11.16"]
[SourceVersion "1"]
[SourceVersionDate "1999.11.16"]
[SourceQuality "1"]

1. d4 Nf6 2. c4 c5 3. d5 e6 4. Nc3 exd5 5. cxd5 d6 6. e4 g6 7. f4 Bg7 8. Bb5+ Nfd7 9. a4 a6 10. Bd3 Qh4+ 11. g3 Qd8 12. Nf3 0-0 13. 0-0 Nf6 14. f5 Ng4 15. h3 Ne5 16. Nxe5 Bxe5 17. Qf3 Nd7 18. Bh6 Bd4+ 19. Kg2 Ne5 20. Qe2 Re8 21. Rae1 Bd7 22. Bc2 b5 23. axb5 axb5 24. Nxb5 Bxb5 25. Qxb5 Rb8 26. Qe2 Rxb2 27. Rb1 Ra2 28. Rb7 c4 29. h4 Qa8 30. Rfb1 Nd3 31. fxg6 hxg6 32. Kf1 Qc8 33. g4 Rxc2 34. Qxc2 Qxg4 35. Qg2 Qxh4 36. Bg5 Qxe4 37. Qxe4 Rxe4 38. Rc7 Rg4 39. Rb8+ Kg7 40. Rxc4 Ne5 41. Ra4 Nd7 42. Rd8 Nb6 43. Rb4 Nxd5 44. Ra4 Rg1+ 45. Ke2 Nc3+ 0-1

[Event "Politiken Cup 17th"]
[Site "Copenhagen"]
[Date "1995.??.??"]
[Round "1"]
[White "Andersen, Ole Bo"]
[Black "Lyrberg, Patrik"]
[Result "0-1"]
[WhiteElo "2085"]
[BlackElo "2415"]
[PlyCount "76"]
[EventDate "1995.06.??"]
[EventType "swiss"]
[EventRounds "10"]
[EventCountry "DEN"]
[SourceTitle "CBM 047 Extra"]
[Source "ChessBase"]
[SourceDate "1995.09.01"]
[SourceVersion "1"]
[SourceVersionDate "1995.09.01"]
[SourceQuality "1"]

1. d4 Nf6 2. c4 g6 3. Nc3 Bg7 4. e4 d6 5. f3 Nbd7 6. Nh3 a6 7. a4 0-0 8. Be2 e5 9. d5 Nh5 10. 0-0 Nc5 11. Nf2 a5 12. Nd3 Nxd3 13. Bxd3 f5 14. Be3 f4 15. Bf2 b6 16. b4 axb4 17. Nb5 g5 18. Be1 Rf6 19. Be2 Rg6 20. Bxb4 Nf6 21. a5 bxa5 22. Rxa5 Rxa5 23. Bxa5 Ne8 24. Qb3 g4 25. fxg4 Bxg4 26. Bxg4 Rxg4 27. Qh3 Rg6 28. Na7 Bf8 29. Be1 Qa8 30. Bf2 Nf6 31. Qd3 Ng4 32. Nb5 Qa2 33. Nxc7 Ne3 34. g3 Nxf1 35. Kxf1 fxg3 36. hxg3 Rf6 37. Qe2 Rxf2+ 38. Qxf2 Qxc4+ 0-1

[Event "Politiken Cup 17th"]
[Site "Copenhagen"]
[Date "1995.??.??"]
[Round "5"]
[White "Andersen, Ole Bo"]
[Black "Nielsen, Soren Holst"]
[Result "1/2-1/2"]
[WhiteElo "2085"]
[BlackElo "2195"]
[PlyCount "92"]
[EventDate "1995.06.??"]
[EventType "swiss"]
[EventRounds "10"]
[EventCountry "DEN"]
[SourceTitle "CBM 047 Extra"]
[Source "ChessBase"]
[SourceDate "1995.09.01"]
[SourceVersion "1"]
[SourceVersionDate "1995.09.01"]
[SourceQuality "1"]

1. d4 d6 2. c4 e5 3. Nf3 e4 4. Ng5 f5 5. Nh3 c6 6. d5 cxd5 7. cxd5 Na6 8. Nc3 Nc7 9. g3 g6 10. Bg5 Qd7 11. Bg2 Bg7 12. 0-0 Ne7 13. f3 exf3 14. exf3 Kf7 15. Re1 Re8 16. Qd2 b5 17. Bh6 Bf6 18. Bg5 Bh8 19. Bxe7 Rxe7 20. Rxe7+ Qxe7 21. Re1 Qf8 22. Ng5+ Kg8 23. Ne6 Bxe6 24. dxe6 Qf6 25. Qxd6 Qd4+ 26. Qxd4 Bxd4+ 27. Kf1 Re8 28. f4 b4 29. Nd5 Nxd5 30. Bxd5 Re7 31. Re2 Kf8 32. Rc2 Bb6 33. Rc4 a5 34. Ke2 Rc7 35. Kd3 Ke7 36. Rxc7+ Bxc7 37. Kc4 Kd6 38. Kb5 Bd8 39. Bc4 Bc7 40. e7 Kxe7 41. Kc6 Bd8 42. Bd3 Kf7 43. h3 h6 44. g4 fxg4 45. hxg4 h5 46. f5 hxg4 1/2-1/2

[Event "Politiken Cup 17th"]
[Site "Copenhagen"]
[Date "1995.??.??"]
[Round "9"]
[White "Andersen, Ole Bo"]
[Black "Peschardt, Soren"]
[Result "1-0"]
[WhiteElo "2085"]
[BlackElo "2220"]
[PlyCount "67"]
[EventDate "1995.06.??"]
[EventType "swiss"]
[EventRounds "10"]
[EventCountry "DEN"]
[SourceTitle "CBM 047 Extra"]
[Source "ChessBase"]
[SourceDate "1995.09.01"]
[SourceVersion "1"]
[SourceVersionDate "1995.09.01"]
[SourceQuality "1"]

1. d4 d5 2. c4 c6 3. Nf3 Nf6 4. Nc3 e6 5. cxd5 cxd5 6. Bf4 Nc6 7. e3 a6 8. Bd3 Bd6 9. Bg3 0-0 10. Ne5 Qc7 11. f4 Nd7 12. 0-0 f5 13. Rc1 Ndxe5 14. fxe5 Be7 15. h4 Qd8 16. Qe1 g6 17. Na4 Bd7 18. Nc5 Ra7 19. Bf2 Nb8 20. g4 b6 21. Nxd7 Qxd7 22. Qe2 b5 23. gxf5 gxf5 24. Kh1 Kh8 25. Rg1 Rc7 26. Qh5 Rxc1 27. Rxc1 Bd8 28. Rg1 Rg8 29. Rxg8+ Kxg8 30. Qh6 Nc6 31. Be1 Qf7 32. a4 Na7 33. Bb4 Qg6 34. Qf8# 1-0

[Event "Politiken Cup 17th"]
[Site "Copenhagen"]
[Date "1995.??.??"]
[Round "4"]
[White "Hoi, Carsten"]
[Black "Andersen, Ole Bo"]
[Result "1-0"]
[WhiteElo "2415"]
[BlackElo "2085"]
[PlyCount "49"]
[EventDate "1995.06.??"]
[EventType "swiss"]
[EventRounds "10"]
[EventCountry "DEN"]
[SourceTitle "CBM 047 Extra"]
[Source "ChessBase"]
[SourceDate "1995.09.01"]
[SourceVersion "1"]
[SourceVersionDate "1995.09.01"]
[SourceQuality "1"]

1. d4 Nf6 2. c4 g6 3. Nc3 Bg7 4. e4 d6 5. f3 0-0 6. Be3 e5 7. Nge2 c6 8. Qd2 Nbd7 9. 0-0-0 a6 10. g4 b5 11. h4 Nb6 12. Ng3 exd4 13. Bxd4 Be6 14. h5 c5 15. Be3 Nxc4 16. Bxc4 Bxc4 17. hxg6 fxg6 18. e5 b4 19. exf6 Qxf6 20. Nd5 Qxf3 21. Ne7+ Kf7 22. Ngf5 gxf5 23. Nxf5 Qxg4 24. Nxd6+ Kg8 25. Qc2 1-0

[Event "Politiken Cup 17th"]
[Site "Copenhagen"]
[Date "1995.??.??"]
[Round "10"]
[White "Sylvan, Jacob"]
[Black "Andersen, Ole Bo"]
[Result "1-0"]
[WhiteElo "2225"]
[BlackElo "2085"]
[PlyCount "121"]
[EventDate "1995.06.??"]
[EventType "swiss"]
[EventRounds "10"]
[EventCountry "DEN"]
[SourceTitle "CBM 047 Extra"]
[Source "ChessBase"]
[SourceDate "1995.09.01"]
[SourceVersion "1"]
[SourceVersionDate "1995.09.01"]
[SourceQuality "1"]

1. Nf3 c5 2. e4 Nc6 3. c3 Nf6 4. e5 Nd5 5. d4 cxd4 6. Bc4 Nb6 7. Bb3 d5 8. exd6 Qxd6 9. 0-0 Bf5 10. Nxd4 Nxd4 11. cxd4 g6 12. Nc3 Bg7 13. Be3 0-0 14. Qf3 Qd7 15. h3 Bd3 16. Rfe1 Bc4 17. Bg5 Rfe8 18. Bxc4 Nxc4 19. Nd5 f6 20. Bf4 Rac8 21. Rac1 Nd6 22. Rxc8 Nxc8 23. Nc7 Rf8 24. Ne6 Re8 25. Qb3 Kh8 26. Rc1 Nb6 27. Rc7 Qd5 28. Qxd5 Nxd5 29. Rxb7 Nxf4 30. Nxf4 e5 31. dxe5 fxe5 32. Nd5 e4 33. b3 Bd4 34. Re7 Rxe7 35. Nxe7 e3 36. fxe3 Bxe3+ 37. Kf1 Kg7 38. Ke2 Bc5 39. Nd5 Kf7 40. Kd3 Ke6 41. Ke4 Bf2 42. b4 Bg1 43. a4 Kd6 44. Nc3 Bf2 45. Kd3 Ke5 46. Kc4 Kf4 47. a5 a6 48. Kd3 Be1 49. Nd5+ Kg3 50. Ke2 Bf2 51. Kf1 Bd4 52. Nc7 Bc3 53. b5 axb5 54. a6 Bd4 55. Nxb5 Bc5 56. a7 Bxa7 57. Nxa7 g5 58. Nc6 g4 59. hxg4 Kxg4 60. Kf2 h5 61. Ne5+ 1-0